The missing bookshop / (Record no. 49556)
| 000 -LEADER | |
|---|---|
| fixed length control field | 00318nam a2200109 4500 |
| 020 ## - INTERNATIONAL STANDARD BOOK NUMBER | |
| International Standard Book Number | 9781788950428 |
| 100 ## - MAIN ENTRY--PERSONAL NAME | |
| Personal name | Clapham, Katie |
| 9 (RLIN) | 86690 |
| 245 ## - TITLE STATEMENT | |
| Title | The missing bookshop / |
| Statement of responsibility, etc | Katie Clapman & Kirsti Beatyman |
| 260 ## - PUBLICATION, DISTRIBUTION, ETC. (IMPRINT) | |
| Place of publication, distribution, etc | Great Britain |
| Name of publisher, distributor, etc | Stripes Publishing |
| Date of publication, distribution, etc | 2019 |
| 300 ## - PHYSICAL DESCRIPTION | |
| Extent | 84 p. |
| Other physical details | col. ill. |
| Dimensions | 21 cm. |
| 942 ## - ADDED ENTRY ELEMENTS (KOHA) | |
| Source of classification or shelving scheme | |
| Koha item type | Book |
| Withdrawn status | Lost status | Source of classification or shelving scheme | Damaged status | Not for loan | Home library | Current library | Shelving location | Date acquired | Total Checkouts | Full call number | Barcode | Date last seen | Date checked out | Price effective from | Koha item type |
|---|---|---|---|---|---|---|---|---|---|---|---|---|---|---|---|
| Asian Hope Primary Library | Asian Hope Primary Library | Junior Fiction | 09/11/2025 | 9 | J FIC CLA | 208163 | 04/01/2026 | 03/25/2026 | 09/11/2025 | Book |